000 00510nam a2200205Ia 4500
008 170918s9999 xx 000 0 und d
020 _a9780590461900
050 _bP119 1993
100 _aPackard, David
245 4 _aThe ball game /
245 _cDavid Packard ; illustrated by R. W. Alley.
260 _aNew York :
260 _bScholastic,
260 _c1993
300 _aunpaged :
300 _bcolored illustration ;
300 _c23cm.
440 _aHello reader! Level 1.
500 _aBR
999 _c342614
_d342614